000 00591cam a22002053a 4500
001 39788
003 PGUSA
005 20140828083903.0
008 120525s2012||||xxu|||||s|||||000 | eng d
040 _aPGUSA
_beng
042 _adc
100 1 _aRainy, Robert
245 1 4 _aThe Expositor's Bible :
_bThe Epistle to the Philippians
_h[electronic resource] /
_cRobert Rainy
260 _bProject Gutenberg,
_c2012
506 _aPublic domain in the USA.
516 _aElectronic text
830 0 _aProject Gutenberg
_v39788
856 4 0 _uhttp://www.gutenberg.org/ebooks/39788
942 _cEB
999 _c269041
_d269041